Bemessungssoftware ECS: Modul Holzbau (Version 1.1.0.3)
Enregistré dans:
| Format: | Livre |
|---|---|
| Langue: | allemand anglais |
| Publié: |
Hagen:
Eurotec,
[s. a.]
|
| Tags: |
Pas de tags, Soyez le premier à ajouter un tag!
|
MARC
| LEADER | 00000nam a22000003a 4500 | ||
|---|---|---|---|
| 001 | 0025265 | ||
| 003 | SK-STU | ||
| 005 | 20170713104102.2 | ||
| 007 | ta | ||
| 008 | 170713s ----xo-----e------000-0-----d | ||
| 040 | |a STU |b slo | ||
| 041 | 0 | |a ger |a eng |h ger | |
| 044 | |a gw | ||
| 245 | 1 | 0 | |a Bemessungssoftware ECS: |b Modul Holzbau (Version 1.1.0.3) |
| 260 | |a Hagen: |b Eurotec, |c [s. a.] | ||
| 996 | |b 284V040722 |c V* 727/A |l VVT |s A |a 24 |w 0025265_0001 | ||